<?xml version="1.0" encoding="UTF-8"?>
<record
    xmlns:xsi="http://www.w3.org/2001/XMLSchema-instance"
    xsi:schemaLocation="http://www.loc.gov/MARC21/slim http://www.loc.gov/standards/marcxml/schema/MARC21slim.xsd"
    xmlns="http://www.loc.gov/MARC21/slim">

  <leader>02281nam a22002417a 4500</leader>
  <controlfield tag="005">20250508111502.0</controlfield>
  <controlfield tag="008">250503b        |||||||| |||| 00| 0 eng d</controlfield>
  <datafield tag="020" ind1=" " ind2=" ">
    <subfield code="a">9788195407118</subfield>
  </datafield>
  <datafield tag="040" ind1=" " ind2=" ">
    <subfield code="c">AIMIT LIBRARY</subfield>
  </datafield>
  <datafield tag="082" ind1=" " ind2=" ">
    <subfield code="2">1</subfield>
    <subfield code="a">336.242</subfield>
    <subfield code="b">MITP</subfield>
  </datafield>
  <datafield tag="100" ind1=" " ind2=" ">
    <subfield code="a">Mittal, Preeti Rani.</subfield>
    <subfield code="9">209147</subfield>
  </datafield>
  <datafield tag="245" ind1=" " ind2=" ">
    <subfield code="a">Fundamentals of income tax :</subfield>
    <subfield code="b">problems and solutions /</subfield>
    <subfield code="c">By Preeti Rani Mittal and Anshika Bansal.</subfield>
  </datafield>
  <datafield tag="250" ind1=" " ind2=" ">
    <subfield code="a">1st ed.</subfield>
  </datafield>
  <datafield tag="260" ind1=" " ind2=" ">
    <subfield code="a">New Delhi :</subfield>
    <subfield code="b">Sultan Chand &amp; Sons ,</subfield>
    <subfield code="c">2022.</subfield>
  </datafield>
  <datafield tag="300" ind1=" " ind2=" ">
    <subfield code="a">xiv,18.8p. ;</subfield>
    <subfield code="b">PB</subfield>
    <subfield code="c">24.4 cm</subfield>
  </datafield>
  <datafield tag="500" ind1=" " ind2=" ">
    <subfield code="a">This book is primarily intended for B.com, B.com (Hons.), BBA, BCA, M.com, M.B.A and CA(Intermediate)students. The book has been written to cater the needs of students appearing in such examination. This edition covers everything Students and Teachers need to decipher the changes proposed by the Finance Bill, 2020.
Salient Features

Section-wise short commentary on changes made by the Finance Act, 2020.
Amendments made by the Finance Act, 2021 are duly incorporated in silent features of the book and are appropriately highlighted.
Analysis of all provisions of the Income-tax Act along with relevant Rules, Circulars and Notifications in point to point manner.
Tabular Presentation of all key provisions of the Income-tax Act.
Computation of Taxes on various slabs of Income along with new slab rates.</subfield>
  </datafield>
  <datafield tag="505" ind1=" " ind2=" ">
    <subfield code="a">Preface

Brief Contents

Introduction and Basic Concepts
Residential Status
Incomes Exempt from Tax 
Income from &#x201C;Salaries&#x201D;
Income from House Property 
Profit and Gains of Business or Profession
Determination of Income on Presumptive Basis
Depreciations
Capital Gains
Income from Other Sources
Income of Other Persons included in Assessee&#x2019;s Total Income (Clubbing of Income)
Set-Off and Carry Forward of Losses
Deductions to be Made in Computing Total Income
Assessment of Agricultural Income
Computation of Total Income and Tax Liability of Individual&#x2019;s
Assessment of Hindu Undivided Family 
Assessment of Firm&#x2019;s including LLP
Rebate and Relief of Tax</subfield>
  </datafield>
  <datafield tag="650" ind1=" " ind2=" ">
    <subfield code="a">Residential status</subfield>
    <subfield code="9">209148</subfield>
  </datafield>
  <datafield tag="650" ind1=" " ind2=" ">
    <subfield code="a">Income from house property</subfield>
    <subfield code="9">209149</subfield>
  </datafield>
  <datafield tag="650" ind1=" " ind2=" ">
    <subfield code="a">Assessment of agricultural income</subfield>
    <subfield code="9">209150</subfield>
  </datafield>
  <datafield tag="700" ind1=" " ind2=" ">
    <subfield code="a">Bansal, Anshika.</subfield>
    <subfield code="9">209151</subfield>
  </datafield>
  <datafield tag="942" ind1=" " ind2=" ">
    <subfield code="2">ddc</subfield>
    <subfield code="c">BK</subfield>
    <subfield code="e">1st</subfield>
    <subfield code="k">336.242 MITP</subfield>
  </datafield>
  <datafield tag="999" ind1=" " ind2=" ">
    <subfield code="c">234271</subfield>
    <subfield code="d">234271</subfield>
  </datafield>
  <datafield tag="952" ind1=" " ind2=" ">
    <subfield code="0">0</subfield>
    <subfield code="1">0</subfield>
    <subfield code="2">ddc</subfield>
    <subfield code="4">0</subfield>
    <subfield code="7">0</subfield>
    <subfield code="8">MBA</subfield>
    <subfield code="a">AIMIT</subfield>
    <subfield code="b">AIMIT</subfield>
    <subfield code="c">TX</subfield>
    <subfield code="d">2025-03-14</subfield>
    <subfield code="e">Biblios Book Point</subfield>
    <subfield code="g">295.00</subfield>
    <subfield code="i">Bill no:7467; Bill dt:2025/3/11</subfield>
    <subfield code="l">0</subfield>
    <subfield code="o">336.242 MITP</subfield>
    <subfield code="p">MBA15049</subfield>
    <subfield code="r">2026-05-23 00:00:00</subfield>
    <subfield code="v">250.75</subfield>
    <subfield code="w">2025-05-03</subfield>
    <subfield code="y">BK</subfield>
  </datafield>
  <datafield tag="952" ind1=" " ind2=" ">
    <subfield code="0">0</subfield>
    <subfield code="1">0</subfield>
    <subfield code="2">ddc</subfield>
    <subfield code="4">0</subfield>
    <subfield code="7">0</subfield>
    <subfield code="8">MBA</subfield>
    <subfield code="a">AIMIT</subfield>
    <subfield code="b">AIMIT</subfield>
    <subfield code="c">TX</subfield>
    <subfield code="d">2025-03-14</subfield>
    <subfield code="e">Biblios Book Point</subfield>
    <subfield code="g">295.00</subfield>
    <subfield code="i">Bill no:7467; Bill dt:2025/3/11</subfield>
    <subfield code="l">0</subfield>
    <subfield code="o">336.242 MITP</subfield>
    <subfield code="p">MBA15050</subfield>
    <subfield code="r">2026-05-23 00:00:00</subfield>
    <subfield code="v">250.75</subfield>
    <subfield code="w">2025-05-03</subfield>
    <subfield code="y">BK</subfield>
  </datafield>
</record>
